000 00408nam a2200169Ia 4500
008 131103s9999 xx 000 0 und d
020 _a0 85648 082 7
040 _aLoreto College
041 _aEnglish
082 _aMIS/WOR
_bLCBED/9114
245 2 _aA word of promise
260 _aBerkhamsted
_bLion
_c1977
300 _a44p.
_b ill.
_c 19cm.
650 _aMis
850 _aLCBED/MIS/WOR
942 _cBK
999 _c34380
_d84859